000 03689cas a2200877 a 4500
001 data
008 data
005 20260322212117.0
010 _a 73641724
015 _a01104151X
_2dnb
016 7 _a01104151X
_2DE-101
016 7 _a188970-9
_2DE-600
016 7 _a0373663
_2DNLM
016 7 _aM03020000
_zJ07320000
_2DNLM
016 7 _a009549087
_2Uk
022 _a0126-7906
_z0301-0554
_2z
023 0 _a0126-7906
_2z
029 1 _aAU@
_b000000969302
029 1 _aNLGGC
_b862265576
029 1 _aNLM
_b0373663
029 1 _aNZ1
_b3812633
030 _aMLJSA4
035 _a(OCoLC)1785419
040 _aDLC
_beng
_cDLC
_dOCLCQ
_dSER
_dRCS
_dNSD
_dAIP
_dDLC
_dNSD
_dCRL
_dDLC
_dNLM
_dOCLCQ
_dGBVCP
_dUKMGB
_dOCLCO
_dWAU
_dOCLCF
_dOCLCQ
_dOCLCO
_dOCLCA
_dOCLCL
_dOCLCQ
041 0 _aeng
_bmay
042 _ansdp
_ansdp
043 _aa-my---
050 0 0 _aQ1
_b.M24
060 0 0 _aW1
_bMA5247K
082 0 4 _a505
_1https://id.oclc.org/worldcat/ddc/E3rqjbqVFrrqdYQFtkxCHHwjrm
210 0 _aMalays. j. sci.
222 0 _aMalaysian journal of science
245 0 0 _aMalaysian journal of science =
_bJernel sains Malaysia.
246 1 _iIssues for 1986-1992 have Malay title:
_aJurnal sains Malaysia
246 3 1 _aJernel sains Malaysia
260 _aKuala Lumpur :
_bFaculty of Science, University of Malaya,
_c1972-1992.
300 _a14 volumes :
_billustrations ;
_c25 cm
310 _aIrregular,
_b1975-1992
321 _aAnnual,
_b1972-1973
336 _atext
_btxt
_2rdacontent
337 _aunmediated
_bn
_2rdamedia
338 _avolume
_bnc
_2rdacarrier
362 0 _aVol. 1 (July 1972)-v. 14 (1992).
590 _aSERBIB/SERLOC merged record
500 _aTitle from cover.
510 2 _aChemical abstracts
_x0009-2258
515 _aIssues for 1976-1992 lack monthly designation.
546 _aIn English; summaries also in Malay, 1982-1992.
580 _aSplit into: Malaysian journal of science. Series A, Life sciences, and: Malaysian journal of science. Series B, Physical & earth sciences.
650 0 _aScience.
650 0 _aScience
_zMalaysia.
650 2 _aScience.
650 7 _aScience.
_2fast
_0(OCoLC)fst01108176
651 7 _aMalaysia.
_2fast
_0(OCoLC)fst01204590
_1https://id.oclc.org/worldcat/entity/E39PBJqfKJqbTdKPv6g8b3Hpyd
655 2 _aPeriodical.
710 2 _aUniversiti Malaya.
_bFakulti Sains.
785 1 6 _tMalaysian journal of science. Series A, Life sciences
_x1394-1712
_w(OCoLC)36025214
_w(OCoLC)36025214
785 1 6 _tMalaysian journal of science. Series B, Physical & earth sciences
_x1394-3065
_w(OCoLC)36025326
_w(OCoLC)36025326
890 _aMalaysian journal of science. (Faculty of Science, University of Malaya) Kuala Lumpur.
_i73-641724
906 _a7
_bcbc
_cserials
_d4
_encip
_f19
_gn-oclcserc
920 _aKeep 1
991 _bc-GenColl
_hQ1
_i.M24
_wSERIALS
991 _bc-GenColl
_hQ1
_i.M24
_p00033143011
_tCopy 1
_v1-3 * 1972 -75
_wCCF
991 _bc-GenColl
_hQ1
_i.M24
_p00033142778
_tCopy 1
_v10 * 1988
_wCCF
991 _bc-GenColl
_hQ1
_i.M24
_p00033142730
_tCopy 1
_v11 * 1989
_wCCF
991 _bc-GenColl
_hQ1
_i.M24
_p00033143084
_tCopy 1
_v12 * 1990
_wCCF
991 _bc-GenColl
_hQ1
_i.M24
_p00033143047
_tCopy 1
_v13 * 1991
_wCCF
991 _bc-GenColl
_hQ1
_i.M24
_p0003314300A
_tCopy 1
_v14 * 1992
_wCCF
991 _bc-GenColl
_hQ1
_i.M24
_p00033142973
_tCopy 1
_v4.4 * 1976
_wCCF
991 _bc-GenColl
_hQ1
_i.M24
_p00033142936
_tCopy 1
_v5-6 * 1978 -80
_wCCF
991 _bc-GenColl
_hQ1
_i.M24
_p00033142894
_tCopy 1
_v7 * 1982
_wCCF
991 _bc-GenColl
_hQ1
_i.M24
_p00033142857
_tCopy 1
_v8 * 1986
_wCCF
991 _bc-GenColl
_hQ1
_i.M24
_p0003314281A
_tCopy 1
_v9 * 1987
_wCCF
992 _bSER
_wSERLOC
999 _c1771
_d1771